000 00999nam a2200313 4500
003 EG-GICUC
005 20260321114726.0
008 260312s1924 us ||||fr|||| 000 0 eng d
040 _aEG-GiCUC
_beng
_cEG-GiCUC
_dEG-GiCUC
_erda
041 _aeng
_heng
082 0 4 _221
_a341
_bMO . I
092 0 4 _221
099 _aLaw 11 341 MO . I 1924
100 1 _aMoore, John Bassett
_eAuthor.
245 1 0 _aInternational Law and Some Current Illusions and Other Essays /
_cBy John Bassett Moore.
264 1 _aNew york ;
_bThe Macmillan Company,
_c1924.
300 _a381 pages :
_billustrations,
_c24 cm
336 _2rda content
_atext
337 _2rda media
_aComputer
338 _2rda carrier
_aOnline Resource
500 _aIndex included
504 _aBibliography: pages 200-250.
546 _aText in English
650 1 _aPublic international law
_2qrmak
651 1 _2qrmak
856 4 0 _uhttps://fll.law.cu.edu.eg/fulltext/bks/B11-08463.pdf
905 _a31
942 _2ddc
_n0
_cBK
_e21
999 _c66229
_d66229